LEADER 00891nam a2200229 i 4500 001 000000175801 003 CaOOAMICUS 005 20090305000000.0 008 090305s1973 it u000 u ita u 013 $a153284 040 $aSeMil$bita 245 10$aFratel Venzo in una collezione privata. 260 $a[S.l. :$bs.n.],$cstampa 1973$e(Gallarate :$fTipo-Offset S. Tanzini & figli,$gstampa 1973) 300 $a1 v. :$briccamente ill. ;$c35 cm. 500 $aFondo Card. Giovanni Colombo. 650 4$aFratelvenzo - Esposizioni.$0(OLS)http://semarc/subject/33496 850 $aSeMil 852 $aSeMil$W1$xVenegono$y1$m5U VII 5$j126623$B126623$CSeMilBibl$Z2$F139989 $8I 941 1 $a3 961 $aLascito: Colombo Card. Giovanni 996 $6245$aFratel Venzo in una collezione privata$9(OLS)http://semarc/title/252164 996 $6260$a[S.l. :$bs.n.]$9(OLS)http://semarc/publisher/29751 LEADER 01196nam a2200253 i 4500 001 000000054568 003 CaOOAMICUS 005 20030612000000.0 008 030612s1963 it u000 u eng u 013 $a25740 040 $aSeMil$bita 100 1 $aMorgan, Richard,$c.$0(OLS)http://semarc/name/27198 245 10$aLight in the theology of Saint Ambrose /$cRicardo Morgan. 260 $aRomae :$bOfficium Libri Catholici,$c1963. 300 $a60 p. ;$c25 cm. 500 $aIn preliminari : Dedica autografa dell'A. - In testa al front. : Pontificia Universitas Gregoriana. - In mezzo al front. : Excerpta ex dissertatione ad lauream... - Contiene : Bibliography. - Fondo Card. C.M. Martini. 600 04$aAmbrogio .$0(OLS)http://semarc/subject/356 650 4$aTesi di laurea.$0(OLS)http://semarc/subject/1690 850 $aSeMil 852 $aSeMil$W1$xVenegono$y1$m2I II 4$j20722$B20722$CSeMilBibl$Z2$F20724 $81 941 1 $a4 961 $aOmaggio: Martini Card. Carlo Maria 996 $6245$aLight in the theology of Saint Ambrose$9(OLS)http://semarc/title/84488 996 $6260$aRomae :$bOfficium Libri Catholici$9(OLS)http://semarc/publisher/29816